000 00868nam a22001935i 4500
001 178739
003 ES-MaACL
005 20230906220611.0
008 110613s1974 sp |||| | spa d
080 _a616.366
100 1 _aSánchez-Lloret, J.
_9147191
245 1 0 _aContribución al estudio patogénico de la litiasis biliar
_b: aspectos bacteriológicos, bioquímicos e histopatológicos /
_cresumen de la tesis presentada para aspirar al grado de doctor en medicina por Juan Sánchez Lloret.
260 _aBarcelona :
_bUniversidad de Barcelona, Secretariado de Publicaciones, Intercambio Científico y Extensión Universitaria :
_b[Ivern],
_c1974.
300 _a15 p. ;
_c24 cm.
500 _aCub. tomada como port.
650 0 4 _aCálculos biliares.
_9135860
710 2 _aUniversidad de Barcelona.
_97141
852 _aES-MaACL
_jE-15361 (142)
_xOlim P-1374
999 _c178739
_d178739